• 首页
  • 本馆介绍
  • 公告通知
  • 最新文献
  • 馆藏检索
  • 电子资源
  • 读者导购
  • 参考咨询
  • 我的图书馆
  • 登录
  • 详细信息显示
  • 放入我的书架
  • 预约/预借图书
  • 作者相关作品
  • 分类相关作品
  • 丛书相关作品
  • 出版社相关作品

书目信息

  • 表格格式
  • 工作单格式
  • 卡片格式
题名:
南方现代设施园艺栽培技术
    
 
作者: 童正仙 主编
分册:  
出版信息: 北京   中国水利水电出版社  2014.05
页数: 422页
开本: 26cm
丛书名:
单 册:
中图分类: S62
科图分类:
主题词: 园艺--温室栽培 , 园艺--设施 , 保护地栽培
电子资源:
ISBN: 978-7-5170-2586-3
000 00657nam0 2200217 450
001 721
005 20160908105040.96
010    @a978-7-5170-2586-3@dCNY49.00
100    @a20160723d2014 km y0chiy0120 ea
101 0  @achi
102    @aCN@b110000
200 1  @a南方现代设施园艺栽培技术@Anan fang xian dai she shi yuan yi zai pei ji shu@f童正仙主编@Ftong zheng xian zhu bian
210    @a北京@c中国水利水电出版社@d2014.05
215    @a422页@d26cm
606 0  @a园艺@x温室栽培
606 0  @a园艺@x设施
606 0  @a保护地栽培
690    @aS62@v4
701  0 @a童正仙@Atong zheng xian@4主编
801  0 @aCN@b唐山师范学院图书馆@c20160723
905    @aZUCC@dS62@e411
    
    南方现代设施园艺栽培技术/童正仙主编.-北京:中国水利水电出版社,2014.05
    422页;26cm
    
    
    ISBN 978-7-5170-2586-3:CNY49.00
    
●
相关链接 在E读中查询图书 在五车中查询图书 在当当中查询图书 在豆瓣中查询图书


正题名:南方现代设施园艺栽培技术     索取号:S62/411         预约/预借

序号 登录号 条形码 馆藏地/架位号 状态 备注
1 903151   209031518   第二样本阅览室/ [索取号:S62/411] 在馆    
2 903152   209031527   第三借阅区/ [索取号:S62/411] 在馆    
3 903153   209031536   第三借阅区/ [索取号:S62/411] 在馆    
4 903154   209031545   密集书库-生命科学系/ [索取号:S62/411] 在馆    
唐山师范学院图书馆 欢迎您!
大连网信软件有限公司© 版权所有